=LDR 00000nam 2200000 4500 =001 INLIS000000000040392 =005 20130612145946 =008 ***********************************ind** =035 ##$$0010-061300000040392 =041 ##$$a ind =082 ##$$a 641.595 1 =090 ##$$a 641.595 1, Suw c =100 ##$$a SUSWITOMO, Sisca =245 ##$$a Chinese food fovonif, resep praktis, Sisca siwitomo =260 ##$$a 2007 $b Jakarta =300 ##$$a 32 Hlm, Ilus, 21 cm =650 ##$$a MASAKAN CINA =850 ##$$a NBPNMAT